Statistiche per Matematica Veloce - Aggiunta

Clicka qui per fare il quiz!

Statistiche generali

  • Questo quiz è stato fatto 1.964 volte
  • Il punteggio medio è 15 su 20

Statistiche sulle risposte

problemasoluzione% Corretto
13 + 87100
100%
6 + 95101
100%
5 + 96101
100%
24 + 77101
100%
5 + 97102
100%
11 + 91102
100%
8 + 94102
100%
35 + 68103
100%
7 + 96103
100%
1 + 102103
100%
10 + 93103
100%
3 + 100103
100%
3 + 101104
100%
27 + 77104
100%
39 + 67106
100%
35 + 72107
100%
4 + 103107
100%
6 + 102108
100%
20 + 88108
100%
53 + 55108
100%
31 + 78109
100%
32 + 77109
100%
5 + 104109
100%
39 + 70109
100%
4 + 711
100%
41 + 69110
100%
9 + 101110
100%
2 + 109111
100%
28 + 84112
100%
8 + 104112
100%
26 + 87113
100%
53 + 60113
100%
39 + 74113
100%
3 + 110113
100%
6 + 108114
100%
26 + 88114
100%
2 + 113115
100%
33 + 82115
100%
13 + 103116
100%
11 + 105116
100%
58 + 58116
100%
2 + 115117
100%
44 + 73117
100%
7 + 110117
100%
2 + 116118
100%
15 + 103118
100%
9 + 110119
100%
40 + 79119
100%
21 + 98119
100%
7 + 112119
100%
33 + 87120
100%
7 + 113120
100%
19 + 102121
100%
2 + 119121
100%
16 + 105121
100%
8 + 113121
100%
19 + 103122
100%
3 + 119122
100%
2 + 120122
100%
3 + 120123
100%
2 + 121123
100%
8 + 115123
100%
4 + 120124
100%
20 + 104124
100%
19 + 105124
100%
25 + 99124
100%
12 + 112124
100%
5 + 119124
100%
3 + 123126
100%
7 + 120127
100%
6 + 121127
100%
34 + 94128
100%
13 + 115128
100%
23 + 106129
100%
30 + 99129
100%
42 + 88130
100%
28 + 102130
100%
9 + 122131
100%
2 + 129131
100%
3 + 128131
100%
43 + 88131
100%
17 + 114131
100%
2 + 130132
100%
49 + 83132
100%
21 + 111132
100%
64 + 68132
100%
5 + 128133
100%
10 + 123133
100%
14 + 119133
100%
17 + 117134
100%
45 + 89134
100%
9 + 126135
100%
49 + 86135
100%
5 + 131136
100%
14 + 122136
100%
21 + 115136
100%
4 + 133137
100%
6 + 131137
100%
22 + 115137
100%
3 + 134137
100%
16 + 121137
100%
26 + 111137
100%
40 + 98138
100%
5 + 133138
100%
19 + 120139
100%
17 + 122139
100%
1 + 138139
100%
7 + 714
100%
3 + 1114
100%
1 + 1314
100%
4 + 136140
100%
31 + 111142
100%
7 + 135142
100%
9 + 133142
100%
65 + 78143
100%
5 + 138143
100%
47 + 96143
100%
33 + 112145
100%
27 + 118145
100%
8 + 138146
100%
14 + 133147
100%
1 + 147148
100%
29 + 119148
100%
49 + 99148
100%
8 + 140148
100%
11 + 138149
100%
8 + 141149
100%
5 + 145150
100%
3 + 147150
100%
9 + 141150
100%
20 + 130150
100%
10 + 142152
100%
4 + 148152
100%
44 + 108152
100%
11 + 141152
100%
5 + 147152
100%
38 + 115153
100%
2 + 152154
100%
30 + 125155
100%
45 + 110155
100%
29 + 126155
100%
48 + 107155
100%
41 + 114155
100%
15 + 141156
100%
50 + 106156
100%
23 + 134157
100%
14 + 143157
100%
17 + 140157
100%
62 + 95157
100%
4 + 153157
100%
6 + 152158
100%
8 + 150158
100%
12 + 146158
100%
30 + 129159
100%
31 + 128159
100%
7 + 152159
100%
4 + 155159
100%
2 + 1416
100%
3 + 157160
100%
19 + 141160
100%
2 + 158160
100%
2 + 159161
100%
52 + 110162
100%
7 + 156163
100%
9 + 154163
100%
63 + 100163
100%
75 + 89164
100%
8 + 156164
100%
35 + 129164
100%
5 + 159164
100%
25 + 139164
100%
58 + 107165
100%
11 + 154165
100%
3 + 162165
100%
30 + 136166
100%
10 + 156166
100%
56 + 110166
100%
53 + 114167
100%
1 + 166167
100%
4 + 163167
100%
30 + 138168
100%
6 + 162168
100%
13 + 155168
100%
9 + 160169
100%
78 + 91169
100%
33 + 137170
100%
10 + 160170
100%
4 + 166170
100%
17 + 154171
100%
3 + 168171
100%
6 + 165171
100%
18 + 154172
100%
7 + 165172
100%
21 + 152173
100%
9 + 164173
100%
59 + 114173
100%
72 + 101173
100%
66 + 108174
100%
7 + 167174
100%
25 + 149174
100%
37 + 137174
100%
12 + 163175
100%
63 + 112175
100%
15 + 160175
100%
25 + 150175
100%
20 + 155175
100%
3 + 173176
100%
3 + 174177
100%
6 + 172178
100%
35 + 143178
100%
11 + 167178
100%
2 + 176178
100%
43 + 136179
100%
4 + 175179
100%
6 + 173179
100%
26 + 153179
100%
58 + 122180
100%
11 + 169180
100%
86 + 95181
100%
58 + 123181
100%
34 + 147181
100%
5 + 176181
100%
10 + 172182
100%
42 + 141183
100%
27 + 156183
100%
54 + 129183
100%
9 + 174183
100%
33 + 150183
100%
8 + 176184
100%
1 + 183184
100%
3 + 181184
100%
19 + 165184
100%
7 + 178185
100%
16 + 169185
100%
13 + 172185
100%
4 + 182186
100%
49 + 137186
100%
85 + 101186
100%
24 + 163187
100%
43 + 144187
100%
50 + 137187
100%
58 + 129187
100%
21 + 166187
100%
77 + 110187
100%
18 + 170188
100%
7 + 181188
100%
2 + 186188
100%
12 + 177189
100%
10 + 179189
100%
31 + 158189
100%
1 + 1819
100%
39 + 151190
100%
9 + 182191
100%
35 + 156191
100%
15 + 176191
100%
47 + 146193
100%
28 + 165193
100%
4 + 189193
100%
72 + 121193
100%
59 + 135194
100%
4 + 190194
100%
8 + 186194
100%
5 + 190195
100%
55 + 141196
100%
37 + 159196
100%
8 + 188196
100%
1 + 195196
100%
32 + 164196
100%
23 + 174197
100%
3 + 194197
100%
34 + 163197
100%
26 + 171197
100%
2 + 196198
100%
11 + 187198
100%
54 + 145199
100%
97 + 102199
100%
3 + 196199
100%
4 + 1620
100%
6 + 1420
100%
46 + 154200
100%
44 + 156200
100%
22 + 178200
100%
71 + 130201
100%
1 + 200201
100%
15 + 186201
100%
3 + 198201
100%
13 + 188201
100%
14 + 187201
100%
16 + 185201
100%
75 + 126201
100%
4 + 198202
100%
25 + 177202
100%
33 + 169202
100%
6 + 197203
100%
8 + 195203
100%
16 + 187203
100%
5 + 198203
100%
80 + 123203
100%
21 + 183204
100%
24 + 181205
100%
19 + 186205
100%
3 + 202205
100%
66 + 139205
100%
68 + 137205
100%
27 + 178205
100%
55 + 151206
100%
31 + 175206
100%
4 + 202206
100%
65 + 141206
100%
6 + 201207
100%
30 + 177207
100%
11 + 196207
100%
29 + 178207
100%
3 + 205208
100%
2 + 206208
100%
6 + 202208
100%
77 + 131208
100%
18 + 190208
100%
4 + 205209
100%
52 + 157209
100%
22 + 187209
100%
9 + 200209
100%
4 + 1721
100%
1 + 209210
100%
10 + 201211
100%
49 + 162211
100%
64 + 148212
100%
7 + 206213
100%
2 + 211213
100%
9 + 205214
100%
35 + 180215
100%
4 + 211215
100%
15 + 200215
100%
67 + 148215
100%
7 + 209216
100%
58 + 159217
100%
50 + 167217
100%
16 + 201217
100%
10 + 207217
100%
19 + 199218
100%
3 + 215218
100%
5 + 213218
100%
48 + 170218
100%
11 + 207218
100%
43 + 176219
100%
58 + 161219
100%
5 + 1722
100%
94 + 126220
100%
62 + 158220
100%
1 + 220221
100%
6 + 215221
100%
17 + 205222
100%
8 + 214222
100%
44 + 179223
100%
9 + 214223
100%
12 + 211223
100%
32 + 192224
100%
50 + 174224
100%
42 + 183225
100%
26 + 199225
100%
6 + 219225
100%
4 + 221225
100%
91 + 136227
100%
41 + 186227
100%
10 + 217227
100%
31 + 196227
100%
8 + 219227
100%
20 + 207227
100%
50 + 178228
100%
3 + 225228
100%
7 + 221228
100%
2 + 226228
100%
5 + 223228
100%
4 + 224228
100%
19 + 210229
100%
16 + 213229
100%
93 + 136229
100%
21 + 208229
100%
15 + 214229
100%
6 + 1723
100%
11 + 219230
100%
89 + 141230
100%
1 + 229230
100%
79 + 151230
100%
8 + 222230
100%
18 + 212230
100%
34 + 197231
100%
33 + 198231
100%
17 + 214231
100%
11 + 220231
100%
1 + 230231
100%
5 + 226231
100%
14 + 218232
100%
23 + 210233
100%
78 + 155233
100%
16 + 217233
100%
1 + 232233
100%
117 + 117234
100%
57 + 177234
100%
91 + 143234
100%
32 + 202234
100%
31 + 203234
100%
41 + 194235
100%
6 + 229235
100%
28 + 207235
100%
40 + 195235
100%
64 + 171235
100%
22 + 213235
100%
111 + 124235
100%
30 + 205235
100%
25 + 211236
100%
8 + 229237
100%
51 + 186237
100%
6 + 231237
100%
107 + 130237
100%
5 + 232237
100%
2 + 236238
100%
13 + 225238
100%
87 + 152239
100%
7 + 1724
100%
3 + 237240
100%
6 + 234240
100%
63 + 177240
100%
19 + 221240
100%
59 + 182241
100%
32 + 209241
100%
24 + 217241
100%
7 + 235242
100%
101 + 141242
100%
82 + 160242
100%
10 + 232242
100%
56 + 187243
100%
11 + 232243
100%
7 + 236243
100%
38 + 205243
100%
2 + 241243
100%
23 + 221244
100%
13 + 232245
100%
25 + 220245
100%
14 + 231245
100%
11 + 234245
100%
7 + 239246
100%
84 + 162246
100%
46 + 200246
100%
18 + 229247
100%
39 + 208247
100%
20 + 227247
100%
2 + 245247
100%
4 + 244248
100%
26 + 222248
100%
3 + 245248
100%
2 + 246248
100%
7 + 242249
100%
16 + 233249
100%
15 + 234249
100%
21 + 229250
100%
33 + 217250
100%
47 + 204251
100%
19 + 232251
100%
9 + 242251
100%
17 + 235252
100%
39 + 213252
100%
2 + 251253
100%
28 + 225253
100%
10 + 245255
100%
37 + 218255
100%
27 + 229256
100%
15 + 241256
100%
33 + 223256
100%
2 + 254256
100%
6 + 250256
100%
36 + 220256
100%
8 + 248256
100%
1 + 256257
100%
8 + 249257
100%
50 + 207257
100%
29 + 229258
100%
86 + 172258
100%
3 + 255258
100%
43 + 216259
100%
73 + 186259
100%
42 + 217259
100%
8 + 1826
100%
3 + 2326
100%
13 + 247260
100%
4 + 257261
100%
6 + 255261
100%
45 + 216261
100%
52 + 209261
100%
1 + 260261
100%
34 + 228262
100%
19 + 244263
100%
6 + 257263
100%
11 + 252263
100%
8 + 256264
100%
10 + 254264
100%
16 + 249265
100%
17 + 248265
100%
22 + 243265
100%
69 + 197266
100%
3 + 263266
100%
13 + 253266
100%
88 + 179267
100%
46 + 221267
100%
36 + 231267
100%
42 + 225267
100%
1 + 266267
100%
72 + 196268
100%
95 + 174269
100%
12 + 257269
100%
24 + 245269
100%
61 + 209270
100%
60 + 210270
100%
74 + 196270
100%
3 + 267270
100%
26 + 244270
100%
44 + 227271
100%
36 + 235271
100%
4 + 267271
100%
9 + 263272
100%
34 + 238272
100%
4 + 268272
100%
54 + 218272
100%
105 + 168273
100%
24 + 249273
100%
31 + 242273
100%
23 + 250273
100%
38 + 235273
100%
58 + 216274
100%
28 + 246274
100%
50 + 225275
100%
33 + 242275
100%
51 + 224275
100%
7 + 269276
100%
48 + 228276
100%
3 + 273276
100%
25 + 252277
100%
68 + 209277
100%
1 + 276277
100%
27 + 250277
100%
4 + 273277
100%
10 + 267277
100%
30 + 247277
100%
2 + 276278
100%
49 + 229278
100%
56 + 222278
100%
21 + 257278
100%
28 + 251279
100%
1 + 278279
100%
62 + 218280
100%
5 + 275280
100%
29 + 251280
100%
14 + 266280
100%
80 + 200280
100%
17 + 264281
100%
101 + 181282
100%
15 + 267282
100%
8 + 275283
100%
40 + 243283
100%
82 + 202284
100%
45 + 239284
100%
6 + 278284
100%
3 + 281284
100%
41 + 243284
100%
26 + 258284
100%
18 + 267285
100%
78 + 208286
100%
12 + 275287
100%
64 + 223287
100%
2 + 286288
100%
7 + 281288
100%
34 + 254288
100%
11 + 277288
100%
3 + 285288
100%
60 + 228288
100%
14 + 274288
100%
27 + 262289
100%
6 + 283289
100%
1 + 2829
100%
11 + 1829
100%
98 + 192290
100%
65 + 225290
100%
136 + 155291
100%
52 + 239291
100%
18 + 273291
100%
53 + 239292
100%
111 + 181292
100%
37 + 255292
100%
4 + 288292
100%
74 + 219293
100%
11 + 282293
100%
9 + 284293
100%
5 + 288293
100%
34 + 260294
100%
14 + 280294
100%
102 + 192294
100%
35 + 259294
100%
13 + 282295
100%
22 + 273295
100%
15 + 280295
100%
60 + 236296
100%
16 + 280296
100%
13 + 283296
100%
104 + 192296
100%
19 + 278297
100%
33 + 264297
100%
39 + 258297
100%
57 + 240297
100%
122 + 175297
100%
98 + 200298
100%
6 + 292298
100%
11 + 287298
100%
44 + 254298
100%
116 + 182298
100%
2 + 297299
100%
8 + 2230
100%
24 + 276300
100%
9 + 291300
100%
4 + 296300
100%
3 + 297300
100%
23 + 277300
100%
1 + 299300
100%
7 + 293300
100%
9 + 292301
100%
12 + 289301
100%
7 + 294301
100%
2 + 300302
100%
76 + 226302
100%
79 + 224303
100%
3 + 300303
100%
69 + 234303
100%
118 + 186304
100%
8 + 296304
100%
56 + 248304
100%
15 + 290305
100%
19 + 287306
100%
83 + 223306
100%
9 + 297306
100%
103 + 204307
100%
61 + 246307
100%
26 + 282308
100%
91 + 218309
100%
6 + 2531
100%
7 + 303310
100%
42 + 268310
100%
4 + 306310
100%
13 + 297310
100%
1 + 309310
100%
9 + 301310
100%
10 + 301311
100%
54 + 258312
100%
11 + 301312
100%
23 + 289312
100%
4 + 308312
100%
38 + 274312
100%
121 + 191312
100%
5 + 308313
100%
23 + 290313
100%
90 + 223313
100%
77 + 236313
100%
37 + 277314
100%
6 + 308314
100%
22 + 292314
100%
9 + 305314
100%
11 + 303314
100%
17 + 299316
100%
1 + 315316
100%
5 + 311316
100%
66 + 251317
100%
27 + 290317
100%
96 + 221317
100%
6 + 311317
100%
18 + 299317
100%
20 + 298318
100%
15 + 303318
100%
151 + 167318
100%
123 + 196319
100%
3 + 2932
100%
13 + 1932
100%
11 + 309320
100%
44 + 277321
100%
82 + 239321
100%
18 + 303321
100%
49 + 272321
100%
120 + 201321
100%
8 + 314322
100%
9 + 313322
100%
27 + 295322
100%
2 + 320322
100%
1 + 321322
100%
101 + 221322
100%
124 + 199323
100%
58 + 265323
100%
48 + 275323
100%
103 + 221324
100%
62 + 263325
100%
45 + 280325
100%
27 + 298325
100%
2 + 324326
100%
14 + 312326
100%
27 + 299326
100%
1 + 325326
100%
4 + 323327
100%
6 + 321327
100%
1 + 327328
100%
45 + 283328
100%
24 + 304328
100%
65 + 264329
100%
140 + 190330
100%
7 + 323330
100%
28 + 302330
100%
129 + 201330
100%
5 + 325330
100%
31 + 299330
100%
16 + 314330
100%
9 + 321330
100%
2 + 329331
100%
9 + 322331
100%
99 + 232331
100%
4 + 328332
100%
17 + 315332
100%
8 + 324332
100%
160 + 172332
100%
4 + 330334
100%
29 + 305334
100%
35 + 299334
100%
6 + 329335
100%
7 + 328335
100%
21 + 315336
100%
10 + 327337
100%
26 + 311337
100%
15 + 322337
100%
20 + 317337
100%
52 + 285337
100%
73 + 265338
100%
1 + 337338
100%
4 + 335339
100%
134 + 205339
100%
12 + 327339
100%
37 + 302339
100%
54 + 285339
100%
83 + 256339
100%
40 + 299339
100%
28 + 311339
100%
9 + 330339
100%
39 + 301340
100%
54 + 286340
100%
33 + 307340
100%
2 + 338340
100%
92 + 249341
100%
3 + 338341
100%
7 + 335342
100%
53 + 289342
100%
14 + 328342
100%
72 + 270342
100%
85 + 258343
100%
112 + 231343
100%
145 + 199344
100%
88 + 256344
100%
75 + 270345
100%
18 + 327345
100%
115 + 230345
100%
6 + 339345
100%
18 + 328346
100%
6 + 340346
100%
48 + 298346
100%
1 + 345346
100%
86 + 260346
100%
43 + 304347
100%
35 + 312347
100%
7 + 341348
100%
3 + 345348
100%
110 + 238348
100%
6 + 342348
100%
95 + 253348
100%
29 + 319348
100%
91 + 257348
100%
9 + 340349
100%
1 + 348349
100%
90 + 259349
100%
4 + 3135
100%
10 + 2535
100%
7 + 2835
100%
9 + 2635
100%
16 + 334350
100%
98 + 252350
100%
25 + 325350
100%
122 + 229351
100%
37 + 315352
100%
39 + 313352
100%
170 + 182352
100%
50 + 302352
100%
150 + 203353
100%
13 + 340353
100%
27 + 327354
100%
5 + 350355
100%
29 + 326355
100%
15 + 341356
100%
2 + 354356
100%
10 + 346356
100%
24 + 332356
100%
3 + 354357
100%
33 + 324357
100%
34 + 323357
100%
21 + 337358
100%
18 + 340358
100%
26 + 332358
100%
7 + 351358
100%
12 + 347359
100%
39 + 320359
100%
148 + 212360
100%
8 + 352360
100%
5 + 355360
100%
11 + 349360
100%
6 + 354360
100%
153 + 208361
100%
43 + 318361
100%
46 + 315361
100%
39 + 323362
100%
21 + 341362
100%
14 + 348362
100%
132 + 230362
100%
17 + 345362
100%
119 + 243362
100%
10 + 352362
100%
93 + 269362
100%
4 + 358362
100%
134 + 228362
100%
132 + 232364
100%
2 + 362364
100%
54 + 310364
100%
55 + 310365
100%
19 + 346365
100%
40 + 325365
100%
82 + 283365
100%
4 + 362366
100%
12 + 354366
100%
8 + 358366
100%
22 + 344366
100%
5 + 362367
100%
11 + 356367
100%
43 + 324367
100%
2 + 366368
100%
8 + 360368
100%
9 + 359368
100%
154 + 214368
100%
35 + 334369
100%
6 + 363369
100%
10 + 359369
100%
47 + 323370
100%
61 + 309370
100%
69 + 302371
100%
1 + 370371
100%
9 + 362371
100%
30 + 341371
100%
31 + 340371
100%
7 + 364371
100%
88 + 284372
100%
25 + 348373
100%
59 + 314373
100%
135 + 239374
100%
45 + 330375
100%
104 + 271375
100%
4 + 371375
100%
23 + 353376
100%
133 + 243376
100%
6 + 370376
100%
32 + 345377
100%
2 + 375377
100%
7 + 370377
100%
174 + 203377
100%
38 + 339377
100%
43 + 334377
100%
2 + 376378
100%
11 + 367378
100%
17 + 361378
100%
8 + 370378
100%
15 + 364379
100%
74 + 305379
100%
3 + 376379
100%
1 + 379380
100%
36 + 345381
100%
4 + 377381
100%
5 + 377382
100%
76 + 306382
100%
1 + 381382
100%
13 + 369382
100%
114 + 269383
100%
45 + 338383
100%
27 + 356383
100%
22 + 361383
100%
5 + 379384
100%
60 + 324384
100%
2 + 382384
100%
9 + 376385
100%
113 + 272385
100%
16 + 370386
100%
109 + 277386
100%
27 + 359386
100%
143 + 244387
100%
2 + 385387
100%
151 + 236387
100%
20 + 368388
100%
9 + 379388
100%
3 + 385388
100%
50 + 338388
100%
99 + 290389
100%
67 + 322389
100%
1 + 388389
100%
68 + 321389
100%
8 + 381389
100%
23 + 367390
100%
34 + 357391
100%
84 + 307391
100%
3 + 388391
100%
19 + 373392
100%
68 + 324392
100%
72 + 321393
100%
5 + 388393
100%
45 + 348393
100%
15 + 378393
100%
13 + 380393
100%
78 + 315393
100%
17 + 378395
100%
92 + 303395
100%
38 + 357395
100%
185 + 210395
100%
155 + 241396
100%
2 + 394396
100%
25 + 372397
100%
58 + 339397
100%
107 + 290397
100%
9 + 388397
100%
138 + 260398
100%
8 + 390398
100%
15 + 383398
100%
10 + 388398
100%
51 + 347398
100%
58 + 340398
100%
1 + 397398
100%
91 + 307398
100%
47 + 351398
100%
155 + 243398
100%
9 + 390399
100%
41 + 358399
100%
139 + 260399
100%
2 + 24
100%
7 + 3340
100%
119 + 281400
100%
3 + 397400
100%
72 + 328400
100%
80 + 320400
100%
31 + 369400
100%
32 + 369401
100%
24 + 378402
100%
9 + 393402
100%
39 + 363402
100%
37 + 366403
100%
18 + 385403
100%
6 + 397403
100%
4 + 399403
100%
16 + 387403
100%
5 + 398403
100%
97 + 307404
100%
10 + 394404
100%
175 + 229404
100%
29 + 375404
100%
23 + 382405
100%
35 + 370405
100%
12 + 393405
100%
10 + 395405
100%
124 + 282406
100%
137 + 269406
100%
13 + 393406
100%
139 + 268407
100%
35 + 372407
100%
4 + 403407
100%
22 + 385407
100%
54 + 353407
100%
3 + 404407
100%
94 + 313407
100%
9 + 398407
100%
3 + 405408
100%
18 + 390408
100%
9 + 399408
100%
8 + 400408
100%
1 + 407408
100%
144 + 265409
100%
60 + 349409
100%
135 + 274409
100%
179 + 230409
100%
16 + 2541
100%
6 + 3541
100%
24 + 386410
100%
53 + 357410
100%
3 + 407410
100%
17 + 393410
100%
116 + 294410
100%
81 + 330411
100%
16 + 395411
100%
78 + 334412
100%
8 + 406414
100%
168 + 246414
100%
80 + 334414
100%
5 + 409414
100%
49 + 365414
100%
6 + 408414
100%
2 + 412414
100%
192 + 223415
100%
7 + 408415
100%
90 + 325415
100%
1 + 414415
100%
3 + 412415
100%
50 + 365415
100%
1 + 415416
100%
9 + 407416
100%
13 + 403416
100%
29 + 387416
100%
4 + 413417
100%
12 + 405417
100%
103 + 314417
100%
115 + 302417
100%
16 + 402418
100%
52 + 366418
100%
18 + 400418
100%
105 + 313418
100%
14 + 404418
100%
150 + 268418
100%
9 + 410419
100%
7 + 412419
100%
2 + 417419
100%
65 + 354419
100%
5 + 3742
100%
9 + 3342
100%
11 + 3142
100%
5 + 415420
100%
8 + 412420
100%
165 + 255420
100%
6 + 414420
100%
15 + 405420
100%
2 + 418420
100%
19 + 402421
100%
20 + 401421
100%
16 + 405421
100%
37 + 385422
100%
95 + 327422
100%
122 + 301423
100%
5 + 418423
100%
118 + 305423
100%
14 + 409423
100%
42 + 381423
100%
10 + 413423
100%
98 + 326424
100%
24 + 401425
100%
93 + 332425
100%
9 + 416425
100%
24 + 402426
100%
28 + 399427
100%
16 + 411427
100%
23 + 404427
100%
6 + 421427
100%
45 + 383428
100%
6 + 423429
100%
127 + 302429
100%
1 + 428429
100%
204 + 225429
100%
29 + 400429
100%
4 + 3943
100%
19 + 2443
100%
8 + 422430
100%
19 + 411430
100%
134 + 296430
100%
21 + 409430
100%
13 + 418431
100%
39 + 392431
100%
2 + 429431
100%
43 + 388431
100%
99 + 333432
100%
67 + 365432
100%
84 + 348432
100%
161 + 271432
100%
9 + 424433
100%
19 + 414433
100%
8 + 425433
100%
74 + 360434
100%
8 + 426434
100%
117 + 317434
100%
41 + 394435
100%
4 + 431435
100%
40 + 395435
100%
163 + 273436
100%
6 + 430436
100%
54 + 382436
100%
28 + 409437
100%
7 + 430437
100%
23 + 415438
100%
8 + 430438
100%
153 + 285438
100%
3 + 436439
100%
11 + 428439
100%
5 + 434439
100%
16 + 423439
100%
3 + 4144
100%
18 + 422440
100%
48 + 392440
100%
67 + 373440
100%
40 + 401441
100%
54 + 387441
100%
2 + 439441
100%
10 + 431441
100%
9 + 432441
100%
72 + 370442
100%
33 + 409442
100%
4 + 439443
100%
209 + 234443
100%
135 + 308443
100%
100 + 344444
100%
6 + 438444
100%
27 + 417444
100%
7 + 437444
100%
35 + 409444
100%
8 + 436444
100%
22 + 423445
100%
9 + 436445
100%
75 + 370445
100%
163 + 283446
100%
5 + 441446
100%
56 + 391447
100%
1 + 446447
100%
7 + 440447
100%
33 + 415448
100%
59 + 389448
100%
9 + 439448
100%
14 + 434448
100%
1 + 447448
100%
90 + 358448
100%
96 + 352448
100%
81 + 368449
100%
11 + 439450
100%
182 + 268450
100%
7 + 444451
100%
12 + 439451
100%
2 + 449451
100%
19 + 433452
100%
66 + 386452
100%
26 + 427453
100%
13 + 440453
100%
6 + 447453
100%
8 + 445453
100%
17 + 437454
100%
51 + 403454
100%
9 + 445454
100%
15 + 439454
100%
24 + 431455
100%
5 + 450455
100%
3 + 452455
100%
86 + 369455
100%
23 + 432455
100%
13 + 443456
100%
28 + 428456
100%
4 + 453457
100%
1 + 456457
100%
53 + 405458
100%
7 + 451458
100%
62 + 396458
100%
70 + 388458
100%
30 + 428458
100%
121 + 337458
100%
6 + 452458
100%
4 + 454458
100%
202 + 257459
100%
59 + 400459
100%
8 + 3846
100%
14 + 3246
100%
11 + 3546
100%
2 + 4446
100%
25 + 435460
100%
6 + 454460
100%
6 + 455461
100%
13 + 448461
100%
119 + 342461
100%
163 + 298461
100%
78 + 383461
100%
115 + 346461
100%
2 + 459461
100%
20 + 441461
100%
9 + 453462
100%
8 + 454462
100%
5 + 457462
100%
65 + 398463
100%
20 + 443463
100%
59 + 404463
100%
5 + 458463
100%
131 + 332463
100%
44 + 419463
100%
101 + 363464
100%
185 + 279464
100%
132 + 332464
100%
23 + 443466
100%
138 + 328466
100%
9 + 457466
100%
22 + 444466
100%
58 + 408466
100%
129 + 337466
100%
160 + 306466
100%
154 + 312466
100%
1 + 465466
100%
214 + 253467
100%
7 + 460467
100%
14 + 454468
100%
26 + 442468
100%
98 + 370468
100%
42 + 426468
100%
179 + 289468
100%
29 + 439468
100%
2 + 466468
100%
16 + 452468
100%
104 + 365469
100%
142 + 327469
100%
5 + 464469
100%
103 + 366469
100%
89 + 380469
100%
18 + 2947
100%
228 + 242470
100%
107 + 363470
100%
1 + 469470
100%
59 + 412471
100%
31 + 440471
100%
113 + 358471
100%
76 + 395471
100%
39 + 433472
100%
137 + 335472
100%
8 + 464472
100%
95 + 378473
100%
3 + 470473
100%
67 + 406473
100%
65 + 408473
100%
23 + 450473
100%
156 + 318474
100%
36 + 438474
100%
37 + 437474
100%
22 + 452474
100%
17 + 458475
100%
187 + 289476
100%
1 + 475476
100%
16 + 460476
100%
9 + 467476
100%
196 + 280476
100%
94 + 383477
100%
201 + 276477
100%
13 + 465478
100%
4 + 474478
100%
9 + 470479
100%
40 + 439479
100%
73 + 406479
100%
2 + 4648
100%
10 + 3848
100%
7 + 4148
100%
3 + 4548
100%
8 + 4048
100%
36 + 444480
100%
7 + 473480
100%
5 + 475480
100%
47 + 433480
100%
8 + 472480
100%
44 + 437481
100%
2 + 479481
100%
183 + 298481
100%
204 + 278482
100%
67 + 415482
100%
104 + 379483
100%
14 + 469483
100%
75 + 408483
100%
6 + 477483
100%
72 + 412484
100%
58 + 426484
100%
123 + 362485
100%
59 + 426485
100%
162 + 323485
100%
12 + 473485
100%
18 + 467485
100%
143 + 342485
100%
9 + 477486
100%
47 + 439486
100%
1 + 485486
100%
89 + 397486
100%
4 + 482486
100%
24 + 463487
100%
235 + 252487
100%
20 + 468488
100%
17 + 472489
100%
92 + 397489
100%
9 + 480489
100%
23 + 466489
100%
1 + 489490
100%
7 + 483490
100%
2 + 488490
100%
200 + 290490
100%
108 + 382490
100%
17 + 474491
100%
16 + 476492
100%
12 + 480492
100%
20 + 472492
100%
20 + 473493
100%
132 + 361493
100%
171 + 323494
100%
26 + 468494
100%
30 + 466496
100%
5 + 491496
100%
118 + 378496
100%
13 + 483496
100%
41 + 455496
100%
6 + 490496
100%
26 + 471497
100%
8 + 489497
100%
5 + 492497
100%
36 + 461497
100%
177 + 320497
100%
238 + 260498
100%
11 + 487498
100%
9 + 489498
100%
15 + 483498
100%
22 + 476498
100%
2 + 496498
100%
59 + 439498
100%
14 + 485499
100%
9 + 4150
100%
17 + 3350
100%
46 + 454500
100%
7 + 493500
100%
38 + 462500
100%
32 + 468500
100%
27 + 473500
100%
46 + 455501
100%
237 + 264501
100%
29 + 472501
100%
72 + 429501
100%
63 + 439502
100%
25 + 478503
100%
96 + 407503
100%
148 + 355503
100%
156 + 348504
100%
18 + 486504
100%
150 + 354504
100%
52 + 452504
100%
2 + 502504
100%
4 + 501505
100%
6 + 499505
100%
21 + 484505
100%
24 + 482506
100%
13 + 493506
100%
39 + 467506
100%
106 + 400506
100%
9 + 498507
100%
37 + 470507
100%
61 + 447508
100%
54 + 454508
100%
70 + 439509
100%
108 + 401509
100%
141 + 368509
100%
16 + 3551
100%
3 + 507510
100%
17 + 493510
100%
147 + 363510
100%
7 + 503510
100%
167 + 343510
100%
4 + 506510
100%
23 + 488511
100%
3 + 508511
100%
72 + 439511
100%
26 + 486512
100%
214 + 298512
100%
19 + 493512
100%
25 + 487512
100%
89 + 424513
100%
86 + 427513
100%
142 + 371513
100%
164 + 349513
100%
112 + 402514
100%
5 + 509514
100%
40 + 474514
100%
104 + 412516
100%
100 + 416516
100%
26 + 490516
100%
29 + 488517
100%
4 + 514518
100%
87 + 431518
100%
9 + 509518
100%
3 + 515518
100%
17 + 501518
100%
2 + 517519
100%
167 + 352519
100%
19 + 3352
100%
18 + 3452
100%
80 + 440520
100%
21 + 499520
100%
25 + 495520
100%
217 + 303520
100%
250 + 270520
100%
30 + 490520
100%
13 + 508521
100%
5 + 516521
100%
77 + 444521
100%
58 + 463521
100%
199 + 322521
100%
181 + 341522
100%
15 + 507522
100%
10 + 513523
100%
24 + 499523
100%
105 + 419524
100%
16 + 508524
100%
5 + 519524
100%
8 + 517525
100%
35 + 490525
100%
217 + 308525
100%
65 + 460525
100%
34 + 492526
100%
51 + 475526
100%
193 + 333526
100%
18 + 509527
100%
63 + 464527
100%
5 + 522527
100%
70 + 457527
100%
13 + 515528
100%
6 + 522528
100%
31 + 497528
100%
49 + 479528
100%
16 + 512528
100%
134 + 394528
100%
1 + 527528
100%
2 + 527529
100%
98 + 431529
100%
43 + 486529
100%
27 + 502529
100%
244 + 285529
100%
2 + 5153
100%
83 + 447530
100%
64 + 466530
100%
81 + 449530
100%
34 + 496530
100%
32 + 498530
100%
99 + 432531
100%
27 + 504531
100%
17 + 514531
100%
10 + 521531
100%
59 + 472531
100%
173 + 359532
100%
140 + 392532
100%
154 + 378532
100%
37 + 495532
100%
19 + 513532
100%
33 + 500533
100%
5 + 528533
100%
28 + 505533
100%
74 + 459533
100%
184 + 350534
100%
35 + 499534
100%
25 + 509534
100%
1 + 533534
100%
20 + 515535
100%
33 + 502535
100%
81 + 454535
100%
79 + 456535
100%
23 + 513536
100%
51 + 485536
100%
52 + 484536
100%
8 + 528536
100%
50 + 486536
100%
15 + 522537
100%
93 + 444537
100%
7 + 530537
100%
13 + 524537
100%
231 + 306537
100%
8 + 529537
100%
3 + 535538
100%
1 + 537538
100%
60 + 478538
100%
118 + 420538
100%
26 + 513539
100%
196 + 343539
100%
149 + 390539
100%
10 + 4454
100%
5 + 4954
100%
12 + 528540
100%
11 + 529540
100%
19 + 521540
100%
4 + 536540
100%
1 + 539540
100%
74 + 467541
100%
88 + 453541
100%
2 + 539541
100%
49 + 493542
100%
9 + 534543
100%
22 + 521543
100%
8 + 535543
100%
128 + 416544
100%
56 + 488544
100%
124 + 420544
100%
30 + 514544
100%
13 + 531544
100%
144 + 400544
100%
226 + 319545
100%
21 + 524545
100%
2 + 543545
100%
210 + 335545
100%
85 + 460545
100%
22 + 524546
100%
39 + 507546
100%
24 + 522546
100%
34 + 512546
100%
41 + 505546
100%
35 + 512547
100%
3 + 544547
100%
5 + 542547
100%
27 + 521548
100%
1 + 547548
100%
11 + 537548
100%
58 + 491549
100%
4 + 545549
100%
234 + 315549
100%
20 + 529549
100%
51 + 498549
100%
257 + 292549
100%
29 + 520549
100%
2 + 5355
100%
3 + 5255
100%
5 + 546551
100%
42 + 509551
100%
2 + 549551
100%
80 + 471551
100%
79 + 472551
100%
177 + 374551
100%
139 + 412551
100%
19 + 533552
100%
8 + 545553
100%
37 + 516553
100%
5 + 548553
100%
145 + 408553
100%
113 + 441554
100%
1 + 553554
100%
145 + 409554
100%
117 + 438555
100%
3 + 552555
100%
48 + 507555
100%
170 + 385555
100%
47 + 508555
100%
67 + 489556
100%
256 + 300556
100%
4 + 552556
100%
132 + 424556
100%
7 + 549556
100%
71 + 486557
100%
57 + 500557
100%
14 + 543557
100%
157 + 401558
100%
228 + 330558
100%
38 + 521559
100%
4 + 555559
100%
2 + 557559
100%
59 + 500559
100%
7 + 4956
100%
4 + 5256
100%
36 + 524560
100%
5 + 555560
100%
117 + 443560
100%
73 + 487560
100%
146 + 415561
100%
13 + 548561
100%
69 + 493562
100%
25 + 538563
100%
1 + 562563
100%
8 + 556564
100%
59 + 505564
100%
144 + 420564
100%
7 + 558565
100%
147 + 418565
100%
36 + 529565
100%
3 + 562565
100%
76 + 489565
100%
6 + 559565
100%
5 + 561566
100%
2 + 564566
100%
198 + 368566
100%
10 + 556566
100%
19 + 547566
100%
17 + 550567
100%
248 + 319567
100%
27 + 540567
100%
9 + 558567
100%
22 + 545567
100%
4 + 564568
100%
154 + 414568
100%
35 + 533568
100%
8 + 561569
100%
34 + 535569
100%
5 + 564569
100%
9 + 4857
100%
6 + 5157
100%
8 + 562570
100%
168 + 402570
100%
46 + 524570
100%
1 + 569570
100%
161 + 410571
100%
49 + 522571
100%
3 + 568571
100%
52 + 520572
100%
10 + 562572
100%
19 + 553572
100%
18 + 555573
100%
229 + 344573
100%
3 + 570573
100%
28 + 545573
100%
4 + 569573
100%
7 + 567574
100%
194 + 380574
100%
9 + 565574
100%
80 + 494574
100%
86 + 489575
100%
4 + 571575
100%
8 + 567575
100%
11 + 565576
100%
73 + 503576
100%
167 + 409576
100%
36 + 541577
100%
98 + 479577
100%
34 + 544578
100%
39 + 539578
100%
21 + 557578
100%
258 + 320578
100%
96 + 482578
100%
109 + 469578
100%
5 + 573578
100%
269 + 310579
100%
7 + 572579
100%
105 + 474579
100%
57 + 522579
100%
143 + 437580
100%
8 + 572580
100%
16 + 564580
100%
1 + 579580
100%
26 + 555581
100%
237 + 344581
100%
92 + 489581
100%
89 + 492581
100%
221 + 361582
100%
31 + 551582
100%
162 + 420582
100%
260 + 323583
100%
261 + 322583
100%
17 + 566583
100%
3 + 580583
100%
259 + 324583
100%
71 + 512583
100%
1 + 582583
100%
111 + 472583
100%
8 + 576584
100%
2 + 582584
100%
60 + 524584
100%
52 + 532584
100%
11 + 574585
100%
5 + 580585
100%
250 + 335585
100%
14 + 571585
100%
8 + 577585
100%
1 + 584585
100%
100 + 485585
100%
231 + 355586
100%
43 + 543586
100%
169 + 417586
100%
20 + 567587
100%
270 + 318588
100%
189 + 399588
100%
125 + 464589
100%
95 + 494589
100%
1 + 588589
100%
50 + 539589
100%
14 + 4559
100%
42 + 548590
100%
17 + 573590
100%
2 + 589591
100%
13 + 578591
100%
28 + 563591
100%
130 + 462592
100%
74 + 518592
100%
79 + 514593
100%
19 + 574593
100%
54 + 540594
100%
8 + 586594
100%
51 + 543594
100%
3 + 591594
100%
14 + 581595
100%
87 + 509596
100%
63 + 533596
100%
29 + 567596
100%
2 + 594596
100%
11 + 585596
100%
235 + 362597
100%
1 + 596597
100%
126 + 472598
100%
28 + 570598
100%
33 + 565598
100%
23 + 575598
100%
102 + 497599
100%
90 + 509599
100%
248 + 351599
100%
20 + 579599
100%
32 + 567599
100%
14 + 585599
100%
3 + 5760
100%
1 + 5960
100%
16 + 4460
100%
13 + 4861
100%
2 + 5961
100%
12 + 5062
100%
15 + 4762
100%
8 + 5462
100%
24 + 3862
100%
21 + 4263
100%
25 + 3863
100%
7 + 5663
100%
5 + 5964
100%
7 + 5764
100%
14 + 5165
100%
4 + 6165
100%
25 + 4166
100%
12 + 5466
100%
5 + 6267
100%
6 + 6167
100%
6 + 6268
100%
17 + 5168
100%
1 + 6768
100%
2 + 6668
100%
10 + 5969
100%
34 + 3569
100%
16 + 5369
100%
14 + 5670
100%
22 + 4870
100%
7 + 6572
100%
16 + 5672
100%
27 + 4572
100%
12 + 6274
100%
6 + 6874
100%
8 + 6674
100%
3 + 7275
100%
2 + 7375
100%
22 + 5577
100%
18 + 5977
100%
28 + 5078
100%
29 + 4978
100%
15 + 6378
100%
3 + 7578
100%
14 + 6579
100%
7 + 7279
100%
5 + 7580
100%
9 + 7281
100%
11 + 7283
100%
18 + 6583
100%
16 + 6884
100%
7 + 7784
100%
42 + 4385
100%
32 + 5486
100%
1 + 8687
100%
8 + 7987
100%
4 + 8387
100%
3 + 8588
100%
5 + 8489
100%
1 + 89
100%
6 + 8490
100%
1 + 8990
100%
7 + 8491
100%
18 + 7391
100%
8 + 8492
100%
21 + 7192
100%
34 + 5892
100%
3 + 9093
100%
22 + 7193
100%
17 + 7693
100%
40 + 5393
100%
7 + 8794
100%
4 + 9094
100%
1 + 9394
100%
41 + 5394
100%
38 + 5694
100%
36 + 5894
100%
8 + 8795
100%
25 + 7095
100%
20 + 7696
100%
14 + 8296
100%
1 + 9697
100%
10 + 8797
100%
9 + 8897
100%
2 + 9597
100%
3 + 9598
100%
14 + 8599
100%
3 + 9699
100%
40 + 5999
100%
3 + 309312
83%
107 + 251358
83%
5 + 401406
83%
61 + 461522
83%
20 + 157177
80%
5 + 243248
80%
17 + 348365
80%
57 + 341398
80%
85 + 342427
80%
21 + 413434
80%
110 + 483593
80%
9 + 5665
80%
33 + 72105
75%
23 + 84107
75%
3 + 811
75%
4 + 110114
75%
48 + 85133
75%
2 + 142144
75%
57 + 95152
75%
34 + 167201
75%
5 + 203208
75%
7 + 215222
75%
72 + 154226
75%
74 + 154228
75%
9 + 224233
75%
5 + 238243
75%
2 + 2426
75%
2 + 272274
75%
52 + 249301
75%
25 + 280305
75%
14 + 305319
75%
19 + 314333
75%
37 + 321358
75%
49 + 320369
75%
128 + 254382
75%
29 + 354383
75%
38 + 349387
75%
28 + 375403
75%
15 + 393408
75%
32 + 381413
75%
16 + 409425
75%
11 + 415426
75%
38 + 391429
75%
29 + 424453
75%
37 + 420457
75%
18 + 441459
75%
34 + 457491
75%
9 + 518527
75%
8 + 521529
75%
139 + 394533
75%
120 + 417537
75%
21 + 525546
75%
61 + 490551
75%
28 + 531559
75%
51 + 523574
75%
15 + 567582
75%
7 + 576583
75%
3 + 6770
75%
4 + 6872
75%
31 + 5889
75%
19 + 82101
67%
11 + 96107
67%
4 + 113117
67%
29 + 100129
67%
4 + 128132
67%
6 + 132138
67%
70 + 74144
67%
7 + 141148
67%
16 + 133149
67%
5 + 1015
67%
55 + 109164
67%
28 + 138166
67%
62 + 123185
67%
16 + 173189
67%
48 + 145193
67%
19 + 183202
67%
19 + 188207
67%
3 + 207210
67%
73 + 138211
67%
50 + 162212
67%
20 + 195215
67%
38 + 179217
67%
39 + 179218
67%
23 + 212235
67%
70 + 168238
67%
9 + 229238
67%
45 + 203248
67%
5 + 256261
67%
14 + 249263
67%
5 + 265270
67%
1 + 273274
67%
9 + 269278
67%
32 + 249281
67%
16 + 266282
67%
1 + 286287
67%
15 + 274289
67%
110 + 183293
67%
47 + 254301
67%
12 + 290302
67%
94 + 216310
67%
129 + 194323
67%
43 + 281324
67%
10 + 318328
67%
78 + 251329
67%
143 + 189332
67%
4 + 333337
67%
140 + 199339
67%
8 + 337345
67%
19 + 331350
67%
9 + 346355
67%
167 + 192359
67%
92 + 270362
67%
7 + 355362
67%
37 + 330367
67%
124 + 245369
67%
176 + 195371
67%
155 + 218373
67%
28 + 348376
67%
126 + 250376
67%
5 + 374379
67%
30 + 358388
67%
18 + 372390
67%
130 + 262392
67%
111 + 287398
67%
83 + 319402
67%
7 + 396403
67%
93 + 316409
67%
77 + 334411
67%
52 + 372424
67%
168 + 257425
67%
3 + 424427
67%
27 + 405432
67%
5 + 427432
67%
49 + 385434
67%
78 + 357435
67%
21 + 415436
67%
122 + 317439
67%
4 + 447451
67%
16 + 437453
67%
124 + 341465
67%
69 + 404473
67%
91 + 385476
67%
18 + 459477
67%
77 + 401478
67%
39 + 450489
67%
174 + 319493
67%
34 + 463497
67%
75 + 423498
67%
6 + 4450
67%
48 + 458506
67%
48 + 459507
67%
7 + 504511
67%
150 + 366516
67%
181 + 342523
67%
44 + 481525
67%
4 + 523527
67%
17 + 517534
67%
6 + 532538
67%
3 + 538541
67%
24 + 518542
67%
31 + 514545
67%
123 + 423546
67%
95 + 455550
67%
3 + 551554
67%
93 + 462555
67%
81 + 478559
67%
75 + 485560
67%
272 + 288560
67%
19 + 541560
67%
22 + 546568
67%
207 + 361568
67%
21 + 551572
67%
8 + 574582
67%
203 + 382585
67%
14 + 575589
67%
19 + 570589
67%
101 + 489590
67%
4 + 587591
67%
77 + 515592
67%
53 + 541594
67%
58 + 536594
67%
78 + 517595
67%
6 + 592598
67%
19 + 4160
67%
18 + 4260
67%
23 + 3861
67%
7 + 5966
67%
24 + 5175
67%
29 + 5483
67%
96 + 183279
60%
85 + 387472
60%
16 + 85101
50%
20 + 83103
50%
46 + 62108
50%
22 + 88110
50%
10 + 108118
50%
29 + 91120
50%
1 + 120121
50%
22 + 102124
50%
38 + 89127
50%
8 + 123131
50%
11 + 120131
50%
4 + 127131
50%
8 + 128136
50%
2 + 134136
50%
4 + 138142
50%
7 + 137144
50%
28 + 123151
50%
64 + 87151
50%
31 + 123154
50%
40 + 118158
50%
20 + 138158
50%
14 + 148162
50%
17 + 146163
50%
66 + 97163
50%
22 + 142164
50%
9 + 157166
50%
70 + 107177
50%
29 + 155184
50%
1 + 189190
50%
17 + 174191
50%
84 + 109193
50%
61 + 134195
50%
7 + 189196
50%
40 + 156196
50%
28 + 172200
50%
60 + 145205
50%
57 + 149206
50%
17 + 191208
50%
49 + 159208
50%
8 + 201209
50%
42 + 173215
50%
47 + 172219
50%
13 + 207220
50%
24 + 199223
50%
23 + 200223
50%
28 + 200228
50%
92 + 138230
50%
27 + 203230
50%
36 + 195231
50%
37 + 199236
50%
1 + 237238
50%
56 + 190246
50%
17 + 229246
50%
6 + 240246
50%
77 + 172249
50%
1 + 254255
50%
4 + 255259
50%
125 + 135260
50%
85 + 177262
50%
57 + 205262
50%
39 + 224263
50%
21 + 252273
50%
47 + 231278
50%
5 + 2328
50%
4 + 276280
50%
67 + 216283
50%
44 + 240284
50%
25 + 259284
50%
28 + 266294
50%
78 + 218296
50%
43 + 255298
50%
52 + 248300
50%
131 + 174305
50%
127 + 179306
50%
32 + 274306
50%
1 + 307308
50%
28 + 281309
50%
3 + 308311
50%
119 + 193312
50%
8 + 306314
50%
82 + 232314
50%
32 + 293325
50%
26 + 309335
50%
51 + 284335
50%
137 + 199336
50%
22 + 314336
50%
149 + 191340
50%
56 + 285341
50%
17 + 326343
50%
44 + 299343
50%
69 + 277346
50%
2 + 345347
50%
28 + 324352
50%
55 + 298353
50%
64 + 290354
50%
16 + 338354
50%
31 + 328359
50%
131 + 229360
50%
36 + 326362
50%
4 + 360364
50%
71 + 294365
50%
48 + 317365
50%
25 + 343368
50%
74 + 295369
50%
18 + 354372
50%
124 + 248372
50%
83 + 290373
50%
97 + 277374
50%
89 + 288377
50%
30 + 349379
50%
35 + 344379
50%
108 + 275383
50%
8 + 376384
50%
12 + 373385
50%
140 + 246386
50%
8 + 379387
50%
17 + 372389
50%
74 + 316390
50%
4 + 388392
50%
133 + 260393
50%
37 + 357394
50%
18 + 383401
50%
19 + 382401
50%
159 + 243402
50%
16 + 388404
50%
11 + 396407
50%
97 + 321418
50%
3 + 417420
50%
60 + 363423
50%
1 + 424425
50%
48 + 379427
50%
198 + 233431
50%
134 + 299433
50%
44 + 389433
50%
16 + 419435
50%
87 + 349436
50%
21 + 416437
50%
32 + 406438
50%
31 + 409440
50%
166 + 278444
50%
49 + 395444
50%
7 + 439446
50%
152 + 298450
50%
57 + 399456
50%
17 + 441458
50%
63 + 395458
50%
43 + 419462
50%
169 + 295464
50%
82 + 384466
50%
38 + 431469
50%
50 + 419469
50%
84 + 386470
50%
186 + 286472
50%
15 + 458473
50%
5 + 470475
50%
60 + 418478
50%
41 + 438479
50%
226 + 253479
50%
21 + 459480
50%
29 + 452481
50%
121 + 361482
50%
101 + 382483
50%
169 + 318487
50%
32 + 457489
50%
103 + 386489
50%
1 + 491492
50%
10 + 482492
50%
182 + 317499
50%
69 + 430499
50%
1 + 498499
50%
4 + 496500
50%
114 + 387501
50%
19 + 482501
50%
90 + 413503
50%
15 + 488503
50%
12 + 491503
50%
29 + 474503
50%
3 + 501504
50%
111 + 394505
50%
68 + 438506
50%
93 + 414507
50%
175 + 333508
50%
18 + 490508
50%
26 + 483509
50%
10 + 499509
50%
33 + 477510
50%
28 + 482510
50%
31 + 479510
50%
6 + 505511
50%
50 + 464514
50%
35 + 480515
50%
6 + 509515
50%
50 + 466516
50%
14 + 505519
50%
4 + 515519
50%
6 + 513519
50%
32 + 487519
50%
53 + 466519
50%
9 + 4352
50%
12 + 510522
50%
71 + 452523
50%
42 + 483525
50%
195 + 331526
50%
46 + 481527
50%
3 + 525528
50%
9 + 525534
50%
222 + 313535
50%
58 + 478536
50%
60 + 477537
50%
84 + 457541
50%
127 + 415542
50%
67 + 477544
50%
191 + 354545
50%
18 + 529547
50%
9 + 539548
50%
174 + 375549
50%
107 + 444551
50%
103 + 449552
50%
78 + 477555
50%
2 + 553555
50%
8 + 548556
50%
61 + 497558
50%
32 + 529561
50%
183 + 380563
50%
27 + 541568
50%
84 + 485569
50%
215 + 355570
50%
113 + 458571
50%
28 + 544572
50%
83 + 489572
50%
3 + 573576
50%
172 + 406578
50%
242 + 339581
50%
25 + 558583
50%
85 + 498583
50%
58 + 526584
50%
6 + 579585
50%
153 + 438591
50%
18 + 573591
50%
129 + 462591
50%
154 + 439593
50%
8 + 6573
50%
5 + 6974
50%
19 + 6180
50%
17 + 6784
50%
23 + 6184
50%
14 + 8195
50%
21 + 7798
50%
27 + 88115
33%
2 + 124126
33%
109 + 129238
33%
90 + 159249
33%
56 + 273329
33%
77 + 265342
33%
53 + 295348
33%
19 + 352371
33%
216 + 249465
33%
95 + 391486
33%
58 + 440498
33%
16 + 494510
33%
114 + 408522
33%
8 + 519527
33%
182 + 354536
33%
7 + 547554
33%
227 + 333560
33%
88 + 480568
33%
149 + 422571
33%
62 + 510572
33%
4 + 7478
33%
159 + 373532
25%
158 + 376534
25%
12 + 554566
25%
15 + 85100
0%
18 + 84102
0%
4 + 100104
0%
8 + 97105
0%
51 + 54105
0%
12 + 93105
0%
1 + 105106
0%
9 + 98107
0%
2 + 105107
0%
28 + 80108
0%
37 + 73110
0%
5 + 105110
0%
7 + 104111
0%
17 + 95112
0%
46 + 67113
0%
7 + 106113
0%
12 + 103115
0%
1 + 114115
0%
5 + 114119
0%
41 + 78119
0%
14 + 105119
0%
3 + 117120
0%
31 + 90121
0%
6 + 115121
0%
18 + 103121
0%
54 + 68122
0%
14 + 108122
0%
25 + 97122
0%
43 + 79122
0%
17 + 107124
0%
9 + 115124
0%
35 + 91126
0%
4 + 123127
0%
7 + 122129
0%
1 + 128129
0%
36 + 94130
0%
1 + 129130
0%
24 + 107131
0%
54 + 79133
0%
27 + 108135
0%
43 + 92135
0%
15 + 121136
0%
32 + 105137
0%
59 + 78137
0%
7 + 131138
0%
61 + 78139
0%
11 + 128139
0%
8 + 131139
0%
7 + 132139
0%
18 + 122140
0%
46 + 95141
0%
19 + 122141
0%
37 + 106143
0%
3 + 141144
0%
12 + 132144
0%
18 + 126144
0%
13 + 132145
0%
41 + 104145
0%
1 + 145146
0%
12 + 134146
0%
25 + 122147
0%
6 + 142148
0%
7 + 142149
0%
5 + 144149
0%
15 + 135150
0%
39 + 111150
0%
34 + 117151
0%
32 + 119151
0%
36 + 117153
0%
8 + 145153
0%
8 + 146154
0%
27 + 127154
0%
21 + 133154
0%
39 + 116155
0%
9 + 146155
0%
3 + 153156
0%
5 + 151156
0%
16 + 140156
0%
35 + 121156
0%
16 + 141157
0%
13 + 144157
0%
11 + 147158
0%
1 + 157158
0%
3 + 156159
0%
26 + 133159
0%
44 + 116160
0%
60 + 100160
0%
50 + 110160
0%
24 + 136160
0%
51 + 110161
0%
18 + 143161
0%
65 + 97162
0%
16 + 146162
0%
42 + 122164
0%
16 + 150166
0%
66 + 100166
0%
19 + 148167
0%
23 + 145168
0%
2 + 166168
0%
6 + 164170
0%
76 + 95171
0%
39 + 132171
0%
22 + 149171
0%
5 + 166171
0%
8 + 164172
0%
1 + 171172
0%
4 + 169173
0%
26 + 148174
0%
67 + 107174
0%
8 + 168176
0%
7 + 169176
0%
20 + 158178
0%
39 + 140179
0%
1 + 179180
0%
72 + 108180
0%
46 + 134180
0%
14 + 167181
0%
51 + 130181
0%
1 + 181182
0%
9 + 173182
0%
6 + 177183
0%
48 + 135183
0%
27 + 157184
0%
36 + 149185
0%
3 + 183186
0%
17 + 169186
0%
5 + 181186
0%
30 + 157187
0%
53 + 134187
0%
15 + 172187
0%
3 + 185188
0%
37 + 151188
0%
52 + 136188
0%
6 + 182188
0%
5 + 184189
0%
32 + 158190
0%
18 + 172190
0%
93 + 98191
0%
38 + 154192
0%
10 + 183193
0%
71 + 124195
0%
13 + 183196
0%
17 + 179196
0%
9 + 188197
0%
6 + 192198
0%
41 + 157198
0%
56 + 142198
0%
57 + 142199
0%
83 + 116199
0%
5 + 1520
0%
45 + 155200
0%
62 + 138200
0%
17 + 183200
0%
9 + 192201
0%
7 + 195202
0%
69 + 134203
0%
51 + 152203
0%
64 + 139203
0%
77 + 126203
0%
9 + 196205
0%
2 + 203205
0%
7 + 198205
0%
12 + 195207
0%
2 + 205207
0%
20 + 188208
0%
2 + 207209
0%
63 + 146209
0%
18 + 191209
0%
36 + 174210
0%
84 + 126210
0%
6 + 205211
0%
43 + 168211
0%
81 + 131212
0%
74 + 140214
0%
49 + 165214
0%
8 + 207215
0%
55 + 160215
0%
45 + 171216
0%
14 + 202216
0%
17 + 200217
0%
95 + 123218
0%
2 + 216218
0%
18 + 200218
0%
1 + 218219
0%
23 + 196219
0%
29 + 190219
0%
9 + 1322
0%
11 + 1122
0%
4 + 1822
0%
2 + 2022
0%
3 + 218221
0%
34 + 187221
0%
81 + 141222
0%
9 + 213222
0%
41 + 181222
0%
2 + 221223
0%
26 + 197223
0%
3 + 222225
0%
25 + 200225
0%
27 + 199226
0%
17 + 210227
0%
23 + 205228
0%
3 + 2023
0%
38 + 193231
0%
16 + 215231
0%
29 + 203232
0%
3 + 230233
0%
6 + 228234
0%
54 + 180234
0%
80 + 155235
0%
99 + 136235
0%
9 + 226235
0%
12 + 224236
0%
84 + 152236
0%
19 + 218237
0%
7 + 231238
0%
4 + 234238
0%
8 + 230238
0%
53 + 186239
0%
75 + 164239
0%
85 + 155240
0%
109 + 132241
0%
36 + 205241
0%
2 + 240242
0%
13 + 229242
0%
76 + 166242
0%
48 + 195243
0%
8 + 235243
0%
9 + 234243
0%
107 + 137244
0%
88 + 156244
0%
1 + 244245
0%
106 + 139245
0%
55 + 191246
0%
22 + 225247
0%
19 + 229248
0%
12 + 237249
0%
55 + 194249
0%
9 + 1625
0%
74 + 176250
0%
108 + 142250
0%
112 + 138250
0%
35 + 215250
0%
8 + 243251
0%
68 + 183251
0%
11 + 241252
0%
35 + 217252
0%
57 + 196253
0%
61 + 192253
0%
7 + 247254
0%
8 + 246254
0%
18 + 237255
0%
100 + 155255
0%
40 + 216256
0%
5 + 251256
0%
4 + 252256
0%
38 + 219257
0%
3 + 254257
0%
48 + 210258
0%
25 + 233258
0%
15 + 243258
0%
55 + 203258
0%
66 + 193259
0%
83 + 176259
0%
11 + 1526
0%
79 + 181260
0%
51 + 209260
0%
9 + 252261
0%
83 + 178261
0%
35 + 227262
0%
9 + 253262
0%
36 + 227263
0%
49 + 214263
0%
2 + 262264
0%
7 + 257264
0%
1 + 263264
0%
120 + 146266
0%
38 + 228266
0%
7 + 260267
0%
2 + 265267
0%
47 + 220267
0%
27 + 241268
0%
85 + 183268
0%
15 + 253268
0%
6 + 263269
0%
5 + 2227
0%
37 + 233270
0%
24 + 246270
0%
17 + 253270
0%
8 + 264272
0%
6 + 267273
0%
8 + 266274
0%
18 + 256274
0%
20 + 254274
0%
3 + 271274
0%
30 + 244274
0%
65 + 210275
0%
34 + 241275
0%
69 + 207276
0%
109 + 167276
0%
124 + 153277
0%
6 + 271277
0%
5 + 272277
0%
33 + 244277
0%
38 + 239277
0%
36 + 242278
0%
71 + 207278
0%
11 + 267278
0%
97 + 183280
0%
28 + 252280
0%
106 + 174280
0%
3 + 277280
0%
13 + 268281
0%
19 + 262281
0%
12 + 270282
0%
99 + 183282
0%
5 + 277282
0%
97 + 186283
0%
121 + 162283
0%
9 + 275284
0%
114 + 170284
0%
9 + 276285
0%
7 + 278285
0%
31 + 255286
0%
7 + 279286
0%
89 + 198287
0%
8 + 279287
0%
5 + 283288
0%
81 + 208289
0%
4 + 285289
0%
59 + 230289
0%
2 + 289291
0%
1 + 290291
0%
55 + 236291
0%
20 + 271291
0%
4 + 287291
0%
40 + 252292
0%
142 + 151293
0%
10 + 283293
0%
7 + 287294
0%
8 + 287295
0%
108 + 187295
0%
63 + 232295
0%
3 + 294297
0%
92 + 205297
0%
67 + 231298
0%
75 + 224299
0%
17 + 283300
0%
22 + 278300
0%
71 + 229300
0%
35 + 265300
0%
149 + 152301
0%
4 + 297301
0%
46 + 255301
0%
117 + 186303
0%
61 + 242303
0%
5 + 298303
0%
2 + 302304
0%
128 + 176304
0%
23 + 281304
0%
1 + 303304
0%
150 + 155305
0%
2 + 304306
0%
6 + 300306
0%
18 + 288306
0%
86 + 220306
0%
29 + 277306
0%
93 + 213306
0%
21 + 285306
0%
14 + 293307
0%
126 + 182308
0%
12 + 297309
0%
7 + 302309
0%
4 + 2731
0%
3 + 2831
0%
57 + 253310
0%
30 + 280310
0%
31 + 279310
0%
5 + 306311
0%
43 + 269312
0%
16 + 296312
0%
50 + 263313
0%
55 + 258313
0%
70 + 243313
0%
7 + 307314
0%
2 + 312314
0%
3 + 311314
0%
59 + 256315
0%
13 + 302315
0%
4 + 311315
0%
11 + 304315
0%
33 + 283316
0%
9 + 308317
0%
23 + 294317
0%
117 + 200317
0%
36 + 281317
0%
41 + 277318
0%
28 + 290318
0%
2 + 316318
0%
3 + 316319
0%
87 + 233320
0%
154 + 167321
0%
5 + 317322
0%
78 + 244322
0%
7 + 315322
0%
151 + 171322
0%
58 + 264322
0%
6 + 317323
0%
3 + 321324
0%
19 + 305324
0%
87 + 238325
0%
81 + 244325
0%
4 + 321325
0%
158 + 167325
0%
1 + 324325
0%
44 + 281325
0%
84 + 242326
0%
34 + 292326
0%
42 + 285327
0%
39 + 288327
0%
25 + 302327
0%
116 + 211327
0%
13 + 316329
0%
12 + 317329
0%
9 + 2433
0%
7 + 2633
0%
2 + 3133
0%
113 + 217330
0%
65 + 266331
0%
20 + 311331
0%
63 + 270333
0%
23 + 310333
0%
36 + 297333
0%
3 + 331334
0%
1 + 333334
0%
5 + 330335
0%
13 + 323336
0%
14 + 322336
0%
68 + 268336
0%
18 + 318336
0%
38 + 298336
0%
47 + 289336
0%
79 + 258337
0%
59 + 279338
0%
58 + 281339
0%
91 + 248339
0%
5 + 2934
0%
11 + 329340
0%
111 + 229340
0%
46 + 294340
0%
142 + 198340
0%
45 + 295340
0%
17 + 325342
0%
8 + 334342
0%
1 + 342343
0%
30 + 314344
0%
117 + 228345
0%
4 + 341345
0%
133 + 212345
0%
63 + 282345
0%
5 + 340345
0%
129 + 217346
0%
100 + 246346
0%
19 + 327346
0%
80 + 266346
0%
9 + 337346
0%
107 + 240347
0%
68 + 281349
0%
57 + 294351
0%
2 + 349351
0%
79 + 272351
0%
1 + 351352
0%
4 + 348352
0%
51 + 301352
0%
166 + 186352
0%
160 + 193353
0%
8 + 345353
0%
97 + 257354
0%
65 + 289354
0%
91 + 264355
0%
149 + 206355
0%
38 + 317355
0%
11 + 345356
0%
68 + 288356
0%
66 + 291357
0%
16 + 341357
0%
6 + 352358
0%
14 + 345359
0%
9 + 350359
0%
106 + 254360
0%
65 + 295360
0%
41 + 319360
0%
32 + 328360
0%
1 + 360361
0%
105 + 257362
0%
60 + 302362
0%
23 + 340363
0%
6 + 358364
0%
20 + 345365
0%
70 + 295365
0%
58 + 307365
0%
79 + 287366
0%
38 + 328366
0%
6 + 360366
0%
67 + 299366
0%
87 + 279366
0%
3 + 364367
0%
41 + 326367
0%
16 + 353369
0%
8 + 2937
0%
1 + 3637
0%
2 + 3537
0%
9 + 361370
0%
3 + 367370
0%
55 + 315370
0%
5 + 366371
0%
53 + 318371
0%
101 + 270371
0%
60 + 312372
0%
11 + 361372
0%
4 + 368372
0%
96 + 276372
0%
15 + 358373
0%
13 + 360373
0%
7 + 366373
0%
24 + 349373
0%
45 + 329374
0%
2 + 372374
0%
24 + 350374
0%
19 + 356375
0%
42 + 334376
0%
26 + 350376
0%
125 + 252377
0%
8 + 369377
0%
91 + 286377
0%
52 + 326378
0%
14 + 364378
0%
77 + 302379
0%
173 + 206379
0%
10 + 369379
0%
114 + 266380
0%
28 + 352380
0%
9 + 372381
0%
39 + 343382
0%
21 + 361382
0%
69 + 314383
0%
36 + 347383
0%
7 + 376383
0%
8 + 375383
0%
86 + 297383
0%
6 + 379385
0%
33 + 353386
0%
5 + 382387
0%
7 + 381388
0%
6 + 382388
0%
14 + 374388
0%
5 + 383388
0%
31 + 357388
0%
4 + 386390
0%
48 + 342390
0%
102 + 288390
0%
186 + 204390
0%
136 + 255391
0%
4 + 387391
0%
20 + 371391
0%
40 + 352392
0%
44 + 348392
0%
141 + 251392
0%
25 + 368393
0%
62 + 331393
0%
11 + 383394
0%
7 + 387394
0%
2 + 392394
0%
4 + 390394
0%
56 + 339395
0%
48 + 347395
0%
63 + 334397
0%
26 + 372398
0%
6 + 392398
0%
43 + 355398
0%
3 + 3740
0%
10 + 3040
0%
5 + 3540
0%
104 + 296400
0%
21 + 379400
0%
13 + 388401
0%
145 + 258403
0%
118 + 286404
0%
2 + 402404
0%
46 + 359405
0%
64 + 341405
0%
153 + 252405
0%
16 + 389405
0%
152 + 254406
0%
37 + 369406
0%
10 + 396406
0%
120 + 287407
0%
14 + 394408
0%
158 + 250408
0%
33 + 376409
0%
156 + 253409
0%
125 + 285410
0%
1 + 409410
0%
75 + 335410
0%
27 + 384411
0%
134 + 277411
0%
7 + 405412
0%
6 + 406412
0%
120 + 292412
0%
73 + 339412
0%
36 + 376412
0%
25 + 388413
0%
66 + 348414
0%
18 + 397415
0%
6 + 409415
0%
177 + 239416
0%
79 + 337416
0%
147 + 269416
0%
58 + 358416
0%
128 + 289417
0%
15 + 402417
0%
89 + 330419
0%
10 + 3242
0%
82 + 338420
0%
30 + 390420
0%
2 + 419421
0%
26 + 395421
0%
46 + 376422
0%
165 + 258423
0%
7 + 417424
0%
59 + 365424
0%
83 + 342425
0%
12 + 413425
0%
109 + 317426
0%
22 + 404426
0%
18 + 408426
0%
38 + 389427
0%
4 + 423427
0%
62 + 366428
0%
34 + 395429
0%
176 + 253429
0%
17 + 412429
0%
2 + 4143
0%
12 + 3143
0%
55 + 375430
0%
47 + 383430
0%
198 + 232430
0%
6 + 425431
0%
47 + 384431
0%
164 + 267431
0%
7 + 426433
0%
1 + 432433
0%
91 + 343434
0%
71 + 363434
0%
140 + 296436
0%
97 + 340437
0%
3 + 434437
0%
25 + 412437
0%
19 + 419438
0%
15 + 423438
0%
205 + 233438
0%
123 + 315438
0%
157 + 282439
0%
14 + 425439
0%
17 + 422439
0%
61 + 378439
0%
153 + 287440
0%
1 + 439440
0%
121 + 320441
0%
106 + 335441
0%
146 + 295441
0%
197 + 244441
0%
20 + 421441
0%
70 + 371441
0%
13 + 430443
0%
12 + 431443
0%
8 + 435443
0%
155 + 288443
0%
15 + 429444
0%
26 + 418444
0%
142 + 302444
0%
39 + 406445
0%
117 + 328445
0%
180 + 266446
0%
36 + 410446
0%
46 + 400446
0%
113 + 333446
0%
3 + 444447
0%
69 + 379448
0%
30 + 418448
0%
121 + 328449
0%
13 + 436449
0%
88 + 362450
0%
169 + 282451
0%
18 + 433451
0%
130 + 322452
0%
7 + 445452
0%
134 + 318452
0%
64 + 389453
0%
30 + 423453
0%
31 + 422453
0%
45 + 409454
0%
31 + 423454
0%
9 + 446455
0%
14 + 441455
0%
7 + 449456
0%
15 + 441456
0%
21 + 436457
0%
6 + 451457
0%
23 + 434457
0%
24 + 434458
0%
112 + 347459
0%
7 + 452459
0%
10 + 449459
0%
128 + 331459
0%
1 + 4546
0%
15 + 3146
0%
13 + 3346
0%
4 + 4246
0%
76 + 385461
0%
93 + 368461
0%
34 + 428462
0%
136 + 326462
0%
50 + 412462
0%
68 + 394462
0%
52 + 411463
0%
97 + 366463
0%
3 + 460463
0%
8 + 456464
0%
32 + 432464
0%
197 + 268465
0%
80 + 385465
0%
11 + 454465
0%
149 + 317466
0%
64 + 403467
0%
19 + 448467
0%
83 + 384467
0%
46 + 421467
0%
110 + 357467
0%
28 + 439467
0%
47 + 421468
0%
4 + 464468
0%
43 + 426469
0%
19 + 450469
0%
8 + 462470
0%
12 + 459471
0%
228 + 243471
0%
6 + 465471
0%
5 + 467472
0%
126 + 346472
0%
102 + 371473
0%
178 + 296474
0%
27 + 447474
0%
55 + 419474
0%
88 + 388476
0%
66 + 410476
0%
170 + 307477
0%
95 + 382477
0%
7 + 470477
0%
197 + 280477
0%
10 + 467477
0%
2 + 476478
0%
6 + 472478
0%
19 + 459478
0%
110 + 368478
0%
144 + 335479
0%
175 + 304479
0%
33 + 446479
0%
5 + 4348
0%
11 + 469480
0%
35 + 447482
0%
3 + 479482
0%
53 + 429482
0%
90 + 392482
0%
51 + 432483
0%
54 + 429483
0%
48 + 436484
0%
68 + 416484
0%
49 + 435484
0%
97 + 387484
0%
42 + 443485
0%
2 + 483485
0%
4 + 481485
0%
11 + 474485
0%
36 + 449485
0%
219 + 266485
0%
13 + 473486
0%
9 + 478487
0%
8 + 479487
0%
3 + 484487
0%
15 + 472487
0%
45 + 443488
0%
25 + 463488
0%
40 + 448488
0%
57 + 432489
0%
71 + 418489
0%
147 + 342489
0%
79 + 410489
0%
5 + 485490
0%
6 + 484490
0%
102 + 388490
0%
8 + 483491
0%
43 + 449492
0%
99 + 393492
0%
190 + 303493
0%
3 + 491494
0%
8 + 486494
0%
19 + 476495
0%
28 + 467495
0%
84 + 411495
0%
7 + 488495
0%
4 + 492496
0%
105 + 391496
0%
236 + 260496
0%
26 + 472498
0%
104 + 395499
0%
20 + 480500
0%
10 + 491501
0%
55 + 446501
0%
51 + 451502
0%
14 + 488502
0%
3 + 499502
0%
76 + 427503
0%
85 + 418503
0%
24 + 480504
0%
19 + 485504
0%
116 + 389505
0%
209 + 296505
0%
103 + 402505
0%
5 + 501506
0%
8 + 498506
0%
74 + 432506
0%
25 + 482507
0%
249 + 258507
0%
1 + 506507
0%
56 + 451507
0%
235 + 273508
0%
177 + 332509
0%
8 + 501509
0%
172 + 337509
0%
137 + 373510
0%
92 + 419511
0%
47 + 464511
0%
78 + 433511
0%
113 + 399512
0%
2 + 511513
0%
11 + 502513
0%
1 + 513514
0%
235 + 279514
0%
152 + 362514
0%
109 + 406515
0%
176 + 339515
0%
135 + 381516
0%
35 + 482517
0%
11 + 506517
0%
9 + 508517
0%
8 + 509517
0%
20 + 498518
0%
36 + 482518
0%
12 + 507519
0%
22 + 497519
0%
11 + 4152
0%
11 + 509520
0%
3 + 517520
0%
7 + 514521
0%
218 + 303521
0%
213 + 310523
0%
1 + 523524
0%
133 + 391524
0%
165 + 360525
0%
62 + 463525
0%
2 + 523525
0%
60 + 465525
0%
138 + 388526
0%
242 + 284526
0%
85 + 441526
0%
82 + 445527
0%
5 + 523528
0%
7 + 522529
0%
3 + 526529
0%
8 + 4553
0%
6 + 4753
0%
22 + 3153
0%
45 + 485530
0%
1 + 530531
0%
60 + 471531
0%
32 + 500532
0%
84 + 449533
0%
2 + 531533
0%
249 + 284533
0%
4 + 529533
0%
39 + 494533
0%
125 + 409534
0%
66 + 468534
0%
67 + 468535
0%
151 + 384535
0%
68 + 468536
0%
9 + 527536
0%
67 + 469536
0%
55 + 481536
0%
1 + 536537
0%
5 + 532537
0%
38 + 499537
0%
6 + 531537
0%
15 + 523538
0%
7 + 532539
0%
258 + 281539
0%
14 + 525539
0%
29 + 510539
0%
23 + 516539
0%
91 + 449540
0%
163 + 377540
0%
43 + 497540
0%
9 + 531540
0%
170 + 370540
0%
98 + 442540
0%
5 + 535540
0%
73 + 468541
0%
8 + 533541
0%
48 + 493541
0%
16 + 526542
0%
48 + 495543
0%
89 + 454543
0%
72 + 472544
0%
150 + 394544
0%
28 + 517545
0%
189 + 356545
0%
57 + 488545
0%
88 + 457545
0%
8 + 537545
0%
203 + 342545
0%
36 + 511547
0%
7 + 540547
0%
6 + 542548
0%
17 + 532549
0%
19 + 530549
0%
17 + 3855
0%
1 + 5455
0%
14 + 4155
0%
4 + 546550
0%
10 + 541551
0%
29 + 522551
0%
271 + 281552
0%
44 + 508552
0%
178 + 374552
0%
227 + 325552
0%
188 + 364552
0%
139 + 413552
0%
83 + 469552
0%
42 + 511553
0%
119 + 434553
0%
177 + 376553
0%
18 + 536554
0%
248 + 306554
0%
205 + 349554
0%
82 + 472554
0%
14 + 541555
0%
6 + 549555
0%
15 + 540555
0%
115 + 441556
0%
201 + 355556
0%
9 + 548557
0%
115 + 442557
0%
25 + 532557
0%
122 + 435557
0%
11 + 547558
0%
87 + 471558
0%
46 + 512558
0%
95 + 463558
0%
230 + 328558
0%
25 + 533558
0%
56 + 503559
0%
26 + 533559
0%
12 + 547559
0%
18 + 3856
0%
121 + 440561
0%
16 + 545561
0%
53 + 508561
0%
9 + 553562
0%
40 + 522562
0%
38 + 525563
0%
17 + 546563
0%
55 + 509564
0%
89 + 475564
0%
255 + 309564
0%
154 + 410564
0%
192 + 373565
0%
69 + 496565
0%
30 + 535565
0%
42 + 523565
0%
10 + 555565
0%
220 + 345565
0%
104 + 461565
0%
54 + 512566
0%
45 + 521566
0%
67 + 499566
0%
15 + 551566
0%
226 + 341567
0%
2 + 565567
0%
184 + 383567
0%
23 + 544567
0%
271 + 297568
0%
211 + 357568
0%
97 + 472569
0%
24 + 545569
0%
35 + 535570
0%
144 + 427571
0%
33 + 538571
0%
156 + 415571
0%
232 + 339571
0%
1 + 570571
0%
94 + 478572
0%
7 + 565572
0%
243 + 330573
0%
64 + 509573
0%
77 + 497574
0%
1 + 573574
0%
14 + 560574
0%
4 + 570574
0%
6 + 568574
0%
43 + 531574
0%
7 + 568575
0%
12 + 563575
0%
13 + 563576
0%
6 + 571577
0%
2 + 575577
0%
164 + 413577
0%
30 + 548578
0%
29 + 549578
0%
20 + 559579
0%
4 + 5458
0%
23 + 557580
0%
9 + 571580
0%
24 + 556580
0%
160 + 420580
0%
86 + 494580
0%
38 + 543581
0%
2 + 579581
0%
222 + 359581
0%
22 + 559581
0%
4 + 578582
0%
65 + 518583
0%
208 + 375583
0%
69 + 514583
0%
166 + 418584
0%
115 + 469584
0%
230 + 355585
0%
16 + 569585
0%
136 + 450586
0%
32 + 554586
0%
67 + 519586
0%
234 + 353587
0%
3 + 585588
0%
30 + 559589
0%
2 + 587589
0%
12 + 577589
0%
37 + 552589
0%
9 + 580589
0%
8 + 581589
0%
2 + 5759
0%
8 + 5159
0%
6 + 584590
0%
96 + 495591
0%
63 + 528591
0%
119 + 473592
0%
10 + 582592
0%
5 + 587592
0%
70 + 523593
0%
54 + 539593
0%
7 + 586593
0%
47 + 547594
0%
41 + 554595
0%
3 + 593596
0%
99 + 497596
0%
27 + 569596
0%
155 + 441596
0%
8 + 589597
0%
28 + 569597
0%
66 + 531597
0%
4 + 594598
0%
15 + 583598
0%
44 + 554598
0%
9 + 589598
0%
1 + 598599
0%
8 + 5563
0%
21 + 4364
0%
26 + 3864
0%
20 + 4767
0%
11 + 5768
0%
26 + 4369
0%
1 + 67
0%
1 + 6970
0%
32 + 4072
0%
13 + 6073
0%
4 + 7074
0%
9 + 6574
0%
8 + 6775
0%
19 + 5675
0%
34 + 4175
0%
27 + 4976
0%
35 + 4277
0%
5 + 7479
0%
2 + 68
0%
1 + 7980
0%
2 + 8082
0%
1 + 8182
0%
8 + 7583
0%
6 + 7884
0%
3 + 8386
0%
11 + 7586
0%
19 + 6786
0%
14 + 7286
0%
12 + 7688
0%
9 + 8089
0%
10 + 7989
0%
21 + 6990
0%
11 + 7990
0%
26 + 6490
0%
2 + 8991
0%
6 + 8692
0%
2 + 9193
0%
13 + 8093
0%
5 + 8994
0%
30 + 6595
0%
29 + 6796
0%
15 + 8196
0%
5 + 9398
0%
19 + 7998
0%

Distribuzione punteggi

Percentile per numero di risposta

Percentuale di utenti per punteggio

I tuoi punteggi nel tempo

Non hai fatto questo quiz